English Football Clubs by Badge Animal 2014-15 - Statistics

General Stats
  • This quiz has been taken 683 times
  • The average score is 15 of 26
Answer Stats
Animal(s) Club % Correct
Swan Swansea City
92%
Fox Leicester City
88%
Seagull Brighton & Hove Albion
87%
Tiger Hull City
85%
Wolf Wolverhampton Wanderers
83%
Blue Lion Chelsea
81%
Canary Norwich City
79%
Black Cats Sunderland
78%
Ram Derby County
77%
Cockerel Tottenham Hotspur
74%
Bald Eagle Crystal Palace
72%
Blue Owl Sheffield Wednesday
69%
Red Dragon and Bluebird Cardiff City
65%
Bees Brentford
60%
Red Cormorant Liverpool
58%
Seahorses Newcastle United
53%
Throstle West Bromwich Albion
46%
White Lion Millwall
45%
Yellow Lion Aston Villa
44%
Red Deer (Hart) Watford
43%
Gold Eagle Manchester City
41%
White Horse Ipswich Town
37%
Lion, Bees and Goose Burnley
26%
Red Lion Middlesbrough
25%
Seagull Blackpool
23%
Black Lion Reading
11%
No matching quizzes found
Score Distribution
Percent of People with Each Score
Percentile by Number Answered
Your Score History
You have not taken this quiz